Štatistická revue Slovenskej republiky

Salvato in:
Dettagli Bibliografici
Natura: Periodico
Lingua:slovacco
Pubblicazione: Bratislava Štatistický úrad SR 2003
Soggetti:
Tags: Aggiungi Tag
Nessun Tag, puoi essere il primo ad aggiungerne!!

MARC

LEADER 00000nas2a22000001 4500
001 0052847
005 20070202152113.4
041 0 |a slo 
044 |a SK 
245 1 0 |a Štatistická revue Slovenskej republiky 
264 1 |a Bratislava  |b Štatistický úrad SR  |c 2003 
773 0 |w eu_un_cat*s120242 
610 2 0 |a štatistika 
610 2 0 |a údaje štatistické 
610 2 0 |a ukazovatele NH